| 000 | 005400000a22001810004500 | ||
|---|---|---|---|
| 003 | MACL | ||
| 005 | 20160406161010.0 | ||
| 008 | 160406b xxu||||| |||| 00| 0 eng d | ||
| 040 |
_aMACL _cMACL |
||
| 041 | _aHindi | ||
| 082 | _a403 | ||
| 100 |
_aशर्मा एस.के _950823 |
||
| 245 | _aविज्ञान शब्दकोश | ||
| 260 |
_bकला साहित्य संस्थान _c2007 _aनई दिल्ली |
||
| 350 | _a300 | ||
| 650 |
_aDictionary _950824 |
||
| 942 |
_cHIN _k403 _2ddc |
||
| 999 |
_c22637 _d22637 |
||